000 00375nam a2200145Ia 4500
005 20251222153617.0
008 251222s9999||||xx |||||||||||||| ||spa||
020 _a9786124749865
082 _a345.052.7/C34
100 _aCastillo Alva, José Luis
245 0 _aLa Presunción de Inocencia como Regla de Tratamiento
250 _a1ra.ed.
264 _bIdeas
942 _cLIB
999 _c31821
_d31821